Countries and US States by Population Density - Statistics

General Stats
  • This quiz has been taken 37 times
    13 since last reset
  • The average score is 45 of 246
Answer Stats
Density Country % Correct
18235 Monaco
100%
8842 Singapore
100%
1932 Bahrain
67%
1832 Vatican City
67%
1165 Bangladesh
50%
655 Barbados
50%
382 Belgium
50%
420 Haiti
50%
432 India
50%
438 Israel
50%
1743 Maldives
50%
1690 Malta
50%
611 Nauru
50%
411 Netherlands
50%
416 New Jersey
50%
552 San marino
50%
517 South Korea
50%
661 Taiwan
50%
442 Tuvalu
50%
99 Albania
33%
171 Andorra
33%
213 Antigua and Barbuda
33%
107 Austria
33%
469 Burundi
33%
453 Comoros
33%
252 Connecticut
33%
102 Costa Rica
33%
102 Cuba
33%
133 Czech Republic
33%
156 Delaware
33%
137 Denmark
33%
97 Dominica
33%
232 Dominican Republic
33%
65 Ecuador
33%
302 El Salvador
33%
163 Fed. States of Micronesia
33%
101 France
33%
233 Germany
33%
365 Grenada
33%
165 Guatemala
33%
93 Honduras
33%
110 Hungary
33%
196 Italy
33%
163 Kiribati
33%
163 Kosovo
33%
520 Lebanon
33%
246 Liechtenstein
33%
252 Luxembourg
33%
231 Marshall Islands
33%
195 Maryland
33%
261 Massachusetts
33%
637 Mauritius
33%
103 Moldova
33%
340 Philippines
33%
132 Poland
33%
111 Portugal
33%
277 Rhode Island
33%
529 Rwanda
33%
183 Saint Kitts and Nevis
33%
292 Saint Lucia
33%
267 Saint Vincent and the Grenadines
33%
79 Samoa
33%
89 Serbia
33%
119 Slovakia
33%
105 Slovenia
33%
94 Spain
33%
212 Switzerland
33%
144 Tonga
33%
299 Trinidad and Tobago
33%
262 United Kingdom
33%
0.4 Alaska
17%
16 Argentina
17%
93 Armenia
17%
3 Australia
17%
120 Azerbaijan
17%
30 Bahamas
17%
46 Belarus
17%
18 Belize
17%
120 Benin
17%
11 Bolivia
17%
63 Bosnia and Herzegovina
17%
25 Brazil
17%
61 Bulgaria
17%
84 Burkina Faso
17%
94 California
17%
93 Cambodia
17%
4 Canada
17%
148 Cape Verde
17%
26 Chile
17%
148 China
17%
46 Colombia
17%
71 Croatia
17%
136 Cyprus
17%
91 East Timor
17%
112 Egypt
17%
29 Estonia
17%
113 Ethiopia
17%
51 Fiji
17%
16 Finland
17%
130 Florida
17%
256 Gambia
17%
142 Ghana
17%
79 Greece
17%
4 Guyana
17%
4 Iceland
17%
9 Idaho
17%
85 Illinois
17%
145 Indonesia
17%
103 Iraq
17%
72 Ireland
17%
88 Ivory Coast
17%
257 Jamaica
17%
327 Japan
17%
125 Jordan
17%
14 Kansas
17%
7 Kazakhstan
17%
94 kenya
17%
241 Kuwait
17%
29 Latvia
17%
42 Lithuania
17%
174 Malawi
17%
103 Malaysia
17%
65 Mexico
17%
2 Mongolia
17%
3 Montana
17%
45 Montenegro
17%
84 Morocco
17%
10 Nebraska
17%
209 Nepal
17%
11 Nevada
17%
7 New Mexico
17%
144 New York
17%
19 New Zealand
17%
54 Nicaragua
17%
239 Nigeria
17%
4 North Dakota
17%
217 North Korea
17%
81 North Macedonia
17%
17 Norway
17%
102 Ohio
17%
270 Pakistan
17%
39 Palau
17%
59 Panama
17%
22 Papua New Guinea
17%
17 Paraguay
17%
110 Pennsylvania
17%
27 Peru
17%
234 Qatar
17%
84 Romania
17%
9 Russia
17%
238 São Tomé and Príncipe
17%
89 Senegal
17%
237 Seychelles
17%
121 Sierra Leone
17%
25 Solomon Islands
17%
5 South Dakota
17%
333 Sri Lanka
17%
4 Suriname
17%
24 Sweden
17%
122 Syria
17%
140 Thailand
17%
158 Togo
17%
109 Turkey
17%
198 Uganda
17%
60 Ukraine
17%
113 United Arab Emirates
17%
19 Uruguay
17%
27 Vanuatu
17%
31 Venezuela
17%
297 Vietnam
17%
2 Wyoming
17%
64 Afghanistan
0%
37 Alabama
0%
19 Algeria
0%
29 Angola
0%
25 Arizona
0%
22 Arkansas
0%
20 Bhutan
0%
5 Botswana
0%
78 Brunei
0%
59 Cameroon
0%
9 Central African Republic
0%
14 Chad
0%
22 Colorado
0%
43 Democratic Republic of the Congo
0%
49 Djibouti
0%
60 Equatorial Guinea
0%
32 Eritrea
0%
69 eSwatini
0%
9 Gabon
0%
54 Georgia (Country)
0%
71 Georgia (State)
0%
57 Guinea
0%
59 Guinea-Bissau
0%
52 Hawaii
0%
73 Indiana
0%
22 Iowa
0%
54 Iran
0%
43 Kentucky
0%
33 Kyrgyzstan
0%
32 Laos
0%
76 Lesotho
0%
48 Liberia
0%
4 Libya
0%
35 Louisiana
0%
51 Madagascar
0%
15 Maine
0%
19 Mali
0%
5 Mauritania
0%
40 Michigan
0%
26 Minnesota
0%
24 Mississippi
0%
34 Missouri
0%
42 Mozambique
0%
80 Myanmar
0%
3 Namibia
0%
57 New Hampshire
0%
21 Niger
0%
76 North Carolina
0%
22 Oklahoma
0%
15 Oman
0%
17 Oregon
0%
18 Republic of the Congo
0%
17 Saudi Arabia
0%
28 Somalia
0%
49 South Africa
0%
63 South Carolina
0%
18 South Sudan
0%
25 Sudan
0%
70 Tajikistan
0%
70 Tanzania
0%
64 Tennessee
0%
43 Texas
0%
76 Tunisia
0%
13 Turkmenistan
0%
37 United States
0%
15 Utah
0%
78 Uzbekistan
0%
26 Vermont
0%
79 Virginia
0%
43 Washington
0%
28 West Virginia
0%
35 Wisconsin
0%
65 Yemen
0%
27 Zambia
0%
42 Zimbabwe
0%
No matching quizzes found
Score Distribution
Percent of People with Each Score
Percentile by Number Answered
Your Score History
You have not taken this quiz since the last reset